000 00633nam a2200241Ia 4500
003 OSt
005 20220924113903.0
006 a|||||r|||| 00| 0
007 ta
008 220923b |||||||| |||| 00| 0 guj d
024 _a266288
037 _cTextual
040 _aARTS
_cARTS
_bguj
041 _2guj
_aguj
082 _aO156,1x, L9
100 _aTrivedi Yashvant
_9170640
245 0 _aParidevna
260 _aAhmdabad
_bR. R. Shethani Parkashan India
_c1979
300 _a64p.
_ccm.
650 _aGUJRATI LITERATURE
942 _hO156,1x, L9
_cTEXL
_2CC
999 _c390752
_d390752